Holstein Kiel Squad 2024-2025 - Statistics

General Stats
  • This quiz has been taken 97 times
    68 since last reset
  • The average score is 22 of 32
Answer Stats
# Position Nation Player % Correct
18 FW Japan Shuto Machino
91%
1 GK Germany Timon Weiner
86%
47 DF United States John Tolkin
84%
- Coach Germany Marcel Rapp
84%
11 FW Sweden Alexander Bernhardsson
82%
10 MF Germany Lewis Holtby
82%
21 GK Germany Thomas Dähne
80%
26 DF Slovakia David Zec
77%
20 FW Germany Fiete Arp
77%
19 FW Germany Phil Harres
75%
8 MF Germany Finn Porath
73%
24 MF Norway Magnus Knudsen
73%
17 DF Germany Timo Becker
73%
37 MF Bosnia and Herzegovina Armin Gigović
70%
9 FW Austria Benedikt Pichler
70%
6 MF Serbia Marko Ivezić
70%
5 DF Sweden Carl Johansson
68%
22 MF Germany Nicolai Remberg
68%
7 MF Germany Steven Skrzybski
68%
34 DF Germany Colin Kleine-Bekel
64%
3 DF Germany Marco Komenda
64%
23 DF Germany Lasse Rosenboom
61%
4 MF Germany Patrick Erras
61%
15 MF Germany Marvin Schulz
59%
16 FW Germany Andu Kelati
57%
31 GK Germany Marcel Engelhardt
57%
14 DF Germany Max Geschwill
57%
27 DF Poland Tymoteusz Puchacz
55%
33 DF Slovakia Dominik Javorček
50%
13 DF Croatia Ivan Nekić
50%
28 MF Germany Aurel Wagbe
43%
40 GK Turkey Tyler Doğan
36%
No matching quizzes found
Score Distribution
Percent of People with Each Score
Percentile by Number Answered
Your Score History
You have not taken this quiz since the last reset